History Quiz

Random History or Politics Quiz

US Attorneys General Quiz Stats

 Plays Quiz Updated Mar 10, 2021

Support Sporcle.
Go Orange.
Score 0/86 Timer 12:00
4 Plays Today
Served Attorney General % Correct
2019-2020William Barr
87.1%
2021-presentMerrick Garland
83.6%
2017-2018Jeff Sessions
79.9%
2009-2015Eric Holder
74.8%
1993-2001Janet Reno
67.7%
2015-2017Loretta Lynch
62.2%
1961-1964Robert F. Kennedy
61.9%
2001-2005John Ashcroft
54.3%
1981-1985William French Smith
51.9%
1991-1993William Barr
49.4%
1849-1850Reverdy Johnson
48.4%
2005-2007Alberto Gonzales
47.7%
1940-1941Robert H. Jackson
44.8%
1985-1988Edwin Meese
40%
1969-1972John N. Mitchell
37.8%
1929-1933William D. Mitchell
37.8%
1876-1877Alphonso Taft
37.8%
1789-1794Edmund Jennings Randolph
36.2%
1973Elliot Richardson
35.3%
2007-2009Michael Mukasey
34.5%
1945-1949Tom C. Clark
34.2%
1871-1875George Henry Williams
33.9%
1967-1969Ramsey Clark
33.9%
1801-1805Levi Lincoln
33.4%
1857-1860Jeremiah S. Black
30.9%
1795-1801Charles Lee
29.8%
1831-1833Roger B. Taney
29.3%
1901-1904Philander C. Knox
26.8%
1965-1966Nicholas Katzenbach
26.7%
Served Attorney General % Correct
1860-1861Edwin M. Stanton
26.5%
1919-1921Alexander Mitchell Palmer
26.3%
1924-1925Harlan Fiske Stone
26.2%
1977-1979Griffin Bell
26.1%
1988-1991Dick Thornburgh
26%
1889-1893William Miller
25.9%
1957-1961William P. Rogers
25.2%
1817-1829William Wirt
24.6%
1885-1889Augustus H. Garland
24.3%
1975-1977Edward H. Levi
24.2%
1939-1940Frank Murphy
24.2%
1972-1973Richard Kleindienst
23.8%
1814-1817Richard Rush
23.8%
1861-1864Edward Bates
23.6%
1794-1795William Bradford
23.6%
1805-1806John Breckinridge
23.5%
1906-1909Charles J. Bonaparte
22.8%
1913-1914James C. McReynolds
22.6%
1864-1866James Speed
22.5%
1897-1898Joseph McKenna
22.3%
1846-1848Nathan Clifford
22.2%
1979-1981Benjamin Civiletti
22.2%
1974-1975William B. Saxbe
22.1%
1811-1814William Pinkney
22%
1868-1869William M. Evarts
22%
1921-1924Harry M. Daugherty
22%
1833-1838Benjamin Franklin Butler
22%
1841John J. Crittenden
21.9%
1850-1853John J. Crittenden
21.9%
Served Attorney General % Correct
1845-1846John Y. Mason
21.8%
1904-1906William H. Moody
21.8%
1807-1811Caesar A. Rodney
21.7%
1941-1945Francis Biddle
21.3%
1843-1845John Nelson
21.2%
1893-1895Richard Olney
20.8%
1933-1939Homer Stillé Cummings
20.7%
1853-1857Caleb Cushing
20.5%
1953-1957Herbert Brownell, Jr.
20%
1869-1870Ebenezer R. Hoar
19.9%
1840-1841Henry D. Gilpin
19.2%
1881-1885Benjamin H. Brewster
19.2%
1898-1901John W. Griggs
19%
1866-1868Henry Stanbery
19%
1949-1952J. Howard McGrath
19%
1838-1839Felix Grundy
18.7%
1881Isaac Wayne MacVeagh
18.7%
1909-1913George W. Wickersham
18.6%
1829-1831John M. Berrien
18.5%
1870-1871Amos T. Akerman
18.5%
1841-1843Hugh Swinton Legaré
18.5%
1952-1953James P. McGranery
18.4%
1875-1876Edwards Pierrepont
18.2%
1895-1897Judson Harmon
18%
1877-1881Charles Devens
17.9%
1914-1919Thomas Watt Gregory
17.7%
1925-1929John G. Sargent
17.6%
1848-1849Isaac Toucey
17.3%

From the Vault

Gaming with Legos

by FearTheManatee

Gaming 5m
You can do just about anything with Legos, just don't step on them. It really hurts.
Remove Ads.
Support Sporcle.
Get the best of Sporcle when you Go Orange. This ad-free experience offers more features, more stats, and more fun while also helping to support Sporcle. Thank you for becoming a member.

Show Comments

Extras

Top Quizzes Today


Score Distribution

Your Account Isn't Verified!

In order to create a playlist on Sporcle, you need to verify the email address you used during registration. Go to your Sporcle Settings to finish the process.

Report this User

Report this user for behavior that violates our Community Guidelines.

Details: